000 01025nam a2200205Ia 4500
008 220216s9999 xx 000 0 und d
100 _aPhilip A
245 0 _aEffects of liming on nutrient uptake, biomass production and nodulation in Pueraria phaseoloides
260 _bIndian Journal of Natural Rubber Research
_c1995
300 _a130-134
520 _aPotculture experiments were conducted to study the effects of limiting on the growth of Pueraria phaseoloides and on the changes in soil chemical properties. Liming significantly increased the dry matter production and nodulation of P. phaseoloides. The availability of P, K, Ca and Mg in soil increased significantly by lime application. Liming showed a positive effect on the uptake of N, P, Ca and Mg but had negative effect on the uptake of K.
650 _aCover crop
650 _aDry matter production
650 _aLime requirement
650 _aNodulation
700 _aAntony A P
700 _aJoseph M A
700 _aPunnoose K I
942 _cJS
999 _c58351
_d58351